| 000 | 01657 a2200301 4500 | ||
|---|---|---|---|
| 003 | NUST | ||
| 005 | 20221205183300.0 | ||
| 010 | _a 2004111138 | ||
| 020 | _a3540218580 (alk. paper) | ||
| 040 | _cNust | ||
| 082 | 0 | 0 | _a153,ROS |
| 100 | 1 |
_aRocha, A. F. _9104170 |
|
| 245 | 1 | 4 |
_aThe brain : _bfuzzy arithmetic to quantum computing / _cArmando Freitas Rocha, Eduardo Massad, Alfred Pereira Jr. |
| 246 | 0 | _aFrom fuzzy arithmetic to quantum computing | |
| 260 |
_aBerlin ; _aNew York : _bSpringer, _cc2005. |
||
| 300 |
_avii, 227 p. : _bill. ; _c24 cm. |
||
| 440 | 0 |
_aStudies in fuzziness and soft computing ; _vv. 165 |
|
| 505 | _aQuantification and Calculation in Nature(Page-1), The Cell of the Brain (Page-21), Brain: A Distributed Intelligent Processing Systems (Page-53), Natural Computational Mechanisms Supporting Cognitive Process (Page-79),The Brain and Quantum Computation (Page-93), Meme tics and Cognitive Mathematics (Page-117), Modeling of Arithmetic Reasoning (Page-135), Brain Maps of Arithmetic Processes in Children and Adults (Page-153), Arithmetic Learning Capability in Congenitally Injures Brains (Page-179), Learning Arithmetic Why So Difficult (Page-199). | ||
| 650 | 0 |
_aBioinformatics. _913954 |
|
| 650 | 0 |
_aFuzzy arithmetic. _9104171 |
|
| 650 | 0 |
_aNeural networks (Neurobiology) _981289 |
|
| 650 | 0 |
_aSoft computing. _981822 |
|
| 700 | 1 |
_aMassad, Eduardo _9104172 |
|
| 700 | 1 |
_aPereira Jr., Alfredo. _9104173 |
|
| 856 | 4 | 1 |
_3Publisher description _uhttp://www.loc.gov/catdir/enhancements/fy0817/2004111138-d.html |
| 856 | 4 | 1 |
_3Table of contents _uhttp://www.loc.gov/catdir/toc/fy051/2004111138.html |
| 942 |
_2ddc _cBK _k153,ROS |
||
| 999 |
_c176654 _d176654 |
||